Pistes de Mario Kart 8 Deluxe - Statistiques

Statistiques générales
  • Ce quiz a été pris 15 fois
  • Le résultat moyen est 12 sur 96
Statistiques - réponses
Hint Réponse % Correct
- Route Arc-en-Ciel
70%
N64 Route Arc-en-Ciel
70%
SNES Route Arc-en-Ciel
70%
3DS Route Arc-en-Ciel
70%
Wii Route Arc-en-Ciel
70%
Tour Roma Romantica
60%
- Circuit Mario
50%
GBA Circuit Mario
50%
DS Circuit Mario
50%
- Champidrome
40%
Tour Promenade à Paris
40%
- Château de Bowser
30%
Wii Mine d'Or de Wario
30%
Wii Supermarché Coco
30%
- Animal Crossing
20%
Wii Bois Vermeil
20%
Tour Bousculade à Bangkok
20%
SNES Circuit Mario 3
20%
GCN Circuit Yoshi
20%
DS Jardin Peach
20%
3DS Koopapolis
20%
GCN Paquebot Daisy
20%
3DS Piste Musicale
20%
Tour Road-Trip à Los Angeles
20%
- Aéroport Azur
10%
Tour Athènes Antique
10%
N64 Autoroute Toad
10%
Tour Balade Berlinoise
10%
Wii Circuit Daisy
10%
- Club Mario
10%
- Course à la Propreté
10%
GCN Désert Sec-Sec
10%
Tour Détour à Londres
10%
- Dojo Ninja
10%
Tour Escapade New-Yorkaise
10%
DS Horloge Tic-Tac
10%
- Île de Yoshi
10%
- Lagon Tourbillon
10%
N64 Montagne Choco
10%
GCN Montagne DK
10%
GCN Parc Baby
10%
- Parc Glougloop
10%
Wii Pic DK
10%
- Piste aux Délices
10%
DS Plage Cheep Cheep
10%
Wii Prairie Meuh Meuh
10%
GBA Route Ruban
10%
GCN Stade Waluigi
10%
DS Stade Wario
10%
Tour Traversée de Tokyo
10%
N64 Vallée Yoshi
10%
Wii Volcan Grondant
10%
- Arène d'Excitebike
0%
N64 Autodrome Royal
0%
- Big Blue
0%
Wii Cap Koopa
0%
- Cascades Maskass
0%
SNES Château de Bowser 3
0%
- Circuit d'Hyrule
0%
3DS Circuit Toad
0%
- Cité Sorbet
0%
DS Corniche Champignon
0%
- Descente Givrée
0%
N64 Désert Kalimari
0%
- Désert Toussec
0%
3DS Égout Piranha
0%
DS Flipper Waluigi
0%
3DS Forêt Tropical DK
0%
Wii Gorge Champignon
0%
gba Jardin Volant
0%
GBA Lac Boo
0%
- Manoir Trempé
0%
Tour Méandres Madrilènes
0%
- Métro Turbo
0%
3DS Monde Glacé d’Harmonie
0%
3DS Mont Éboulis
0%
- Mont Festif
0%
- Mute City
0%
- Passage Feuillage
0%
GBA Pays Crépuscule
0%
GBA Pays Fromage
0%
GBA Pays Neigeux
0%
SNES Plaines Donut 3
0%
Tour Poursuite à Singapour
0%
- Promenade Toad
0%
GBA Riverside Parc
0%
Wii Route Clair de Lune
0%
- Route du Dragon
0%
GCN Royaume Sorbet
0%
- Ruines Plante Piranha
0%
Tour Sprint à Sydney
0%
- Station Glagla
0%
- Temple Thwomp
0%
Tour Virages à Vancouvers
0%
Tour Virée à Amsterdam
0%
- Voie Céleste
0%
Aucun quiz correspondant
Distribution des résultats
% des personnes avec chaque résultat
Percentile par nombre de réponses
Votre historique - résultats
Vous n’avez pas pris ce quiz